[Event "Baltic Sea Cup"]
[Site "Ronne"]
[Date "2007.08.03"]
[Round "6.31"]
[White "Hirneise, Jens"]
[Black "Lillelokken, Kjell Arne"]
[Result "0-1"]
[WhiteElo "2090"]
[BlackElo "1898"]
[PlyCount "148"]
[EventDate "2007.??.??"]
[EventType "swiss"]
[EventRounds "9"]
[EventCountry "DEN"]
[SourceDate "2005.12.01"]
[WhiteTeam "Denmark"]
[BlackTeam "Denmark"]
[WhiteTeamCountry "DEN"]
[BlackTeamCountry "DEN"]

1. e4 e6 2. d4 d5 3. Nc3 Nf6 4. e5 Nfd7 5. Nce2 c5 6. f4 cxd4 7. Nxd4 Nc6 8.
Ngf3 Qb6 9. c3 Bc5 10. a3 Bxd4 11. cxd4 f6 12. b4 fxe5 13. fxe5 O-O 14. Ra2
Rxf3 15. gxf3 Nxd4 16. f4 Nf8 17. Bd3 Nf5 18. Bxf5 exf5 19. Qd3 Be6 20. Rc2 Rd8
21. Bb2 d4 22. Rf1 Ng6 23. Rc5 a5 24. Bxd4 axb4 25. Ke2 bxa3 26. Ke3 Qxc5 27.
Bxc5 Rxd3+ 28. Kxd3 b5 29. Ke3 a2 30. Rd1 Kf7 31. Bd4 Ne7 32. Bb2 Nd5+ 33. Kf3
Ke7 34. Rd3 b4 35. Rd4 Kd7 36. Rc4 b3 37. Ke2 Nb6 38. Rd4+ Bd5 39. Kd3 Kc6 40.
Kc3 Kb5 41. Rb4+ Kc5 42. Rxb6 Kxb6 43. Kd4 Be6 44. Ba1 Kb5 45. Bc3 g6 46. h4
Ka4 47. Ba1 Kb4 48. Bb2 Bc4 49. Ba1 Bf7 50. Bb2 Kb5 51. Bc3 Be6 52. Ba1 Kc6 53.
Bb2 Kd7 54. Ba1 Ke7 55. Bb2 h6 56. Bc3 Kd7 57. Bb2 Kc6 58. Ba1 Kb5 59. Bc3 Ka4
60. Bb2 Kb4 61. Ba1 g5 62. fxg5 hxg5 63. h5 g4 64. h6 g3 65. Ke3 Ka3 66. h7 b2
67. Bxb2+ Kxb2 68. h8=Q a1=Q 69. Qb8+ Bb3 70. e6 Qe1+ 71. Kf4 Qf2+ 72. Kg5 g2
73. Qe5+ Ka2 74. Qa5+ Kb1 0-1

[Event "Baltic Sea Cup"]
[Site "Ronne"]
[Date "2007.08.03"]
[Round "6.32"]
[White "Palvig, David Kinch"]
[Black "Stovring, Claus"]
[Result "0-1"]
[WhiteElo "1750"]
[BlackElo "2089"]
[PlyCount "92"]
[EventDate "2007.??.??"]
[EventType "swiss"]
[EventRounds "9"]
[EventCountry "DEN"]
[SourceDate "2005.12.01"]
[WhiteTeam "Denmark"]
[BlackTeam "Denmark"]
[WhiteTeamCountry "DEN"]
[BlackTeamCountry "DEN"]

1. d4 Nf6 2. Bf4 g6 3. e3 Bg7 4. Nf3 O-O 5. Bd3 c5 6. c3 d6 7. Nbd2 Nc6 8. O-O
e5 9. Bg3 cxd4 10. cxd4 exd4 11. Nxd4 Nh5 12. Nxc6 bxc6 13. Rc1 Nxg3 14. hxg3
Bd7 15. b3 d5 16. Nf3 Re8 17. Rc2 a5 18. Nd4 Qb6 19. Be2 Re7 20. Bf3 Rae8 21.
Qd2 c5 22. Ne2 d4 23. exd4 cxd4 24. Nf4 Bh6 25. Nd5 Bxd2 26. Nxb6 Bb5 27. Nc4
Bh6 28. Nd6 Bxf1 29. Nxe8 Rxe8 30. Kxf1 d3 31. Rb2 Rc8 32. Rb1 d2 33. Rd1 Rc2
34. a4 Bf8 35. Ke2 Bb4 36. Bd5 Rc5 37. Bf3 Kg7 38. Kf1 Kf6 39. Be2 Ke5 40. f3
Kd4 41. Kf2 Kc3 42. Rh1 Re5 43. Rxh7 Bc5+ 44. Kf1 Kc2 45. Rh1 d1=Q+ 46. Bxd1+
Kxd1 0-1

[Event "Baltic Sea Cup"]
[Site "Ronne"]
[Date "2007.08.03"]
[Round "6.33"]
[White "Boje, Tobias Rosholm"]
[Black "Skjoldager, Nicklas"]
[Result "1/2-1/2"]
[WhiteElo "1931"]
[BlackElo "2077"]
[PlyCount "73"]
[EventDate "2007.??.??"]
[EventType "swiss"]
[EventRounds "9"]
[EventCountry "DEN"]
[SourceDate "2005.12.01"]
[WhiteTeam "Denmark"]
[BlackTeam "Denmark"]
[WhiteTeamCountry "DEN"]
[BlackTeamCountry "DEN"]

1. e4 c5 2. Nc3 Nc6 3. g3 g6 4. Bg2 Bg7 5. d3 d6 6. Be3 Nf6 7. h3 a6 8. Qd2 h5
9. Nge2 Qc7 10. f4 e6 11. O-O b5 12. Rae1 b4 13. Nd1 Bb7 14. f5 gxf5 15. exf5
e5 16. Bg5 Ne7 17. c3 Bxg2 18. Kxg2 bxc3 19. bxc3 Rb8 20. Bxf6 Bxf6 21. d4 Qb7+
22. Kg1 cxd4 23. cxd4 Qb4 24. Qxb4 Rxb4 25. dxe5 Bxe5 26. Ndc3 Rg8 27. Rf3 Kd7
28. Rc1 Rc8 29. Rff1 Rb2 30. a4 Rb3 31. f6 Nc6 32. Nd5 Bxg3 33. Nxg3 Rxg3+ 34.
Kh2 Rb3 35. Rf5 Rg8 36. Rxc6 Rb2+ 37. Kh1 1/2-1/2

[Event "Baltic Sea Cup"]
[Site "Ronne"]
[Date "2007.08.03"]
[Round "6.34"]
[White "Grand, Hans Henrik"]
[Black "Nielsen, Rasmus Lundberg"]
[Result "1-0"]
[WhiteElo "2076"]
[BlackElo "1795"]
[PlyCount "61"]
[EventDate "2007.??.??"]
[EventType "swiss"]
[EventRounds "9"]
[EventCountry "DEN"]
[SourceDate "2005.12.01"]
[WhiteTeam "Denmark"]
[BlackTeam "Denmark"]
[WhiteTeamCountry "DEN"]
[BlackTeamCountry "DEN"]

1. c4 e6 2. Nc3 f5 3. g3 Nf6 4. Bg2 Be7 5. d3 O-O 6. Nf3 d6 7. O-O Qe8 8. e4 e5
9. exf5 Bxf5 10. Nh4 Bc8 11. d4 exd4 12. Nd5 Nxd5 13. Bxd5+ Kh8 14. Re1 Qd8 15.
Qh5 Bxh4 16. gxh4 Qf6 17. Bg5 Qxf2+ 18. Kh1 g6 19. Qh6 Bh3 20. h5 gxh5 21. Qxh5
Qf5 22. Be6 Qf3+ 23. Qxf3 Rxf3 24. Bxh3 Rxh3 25. Re8+ Kg7 26. Rf1 h6 27. Bf6+
Kf7 28. Re7+ Kf8 29. Rxc7 Nc6 30. Bxd4+ Ke8 31. Bg7 1-0

[Event "Baltic Sea Cup"]
[Site "Ronne"]
[Date "2007.08.03"]
[Round "6.35"]
[White "Knudsen, Jes West"]
[Black "Poulsen, Iver"]
[Result "0-1"]
[WhiteElo "1990"]
[BlackElo "2178"]
[PlyCount "55"]
[EventDate "2007.??.??"]
[EventType "swiss"]
[EventRounds "9"]
[EventCountry "DEN"]
[SourceDate "2005.12.01"]
[WhiteTeam "Denmark"]
[BlackTeam "Denmark"]
[WhiteTeamCountry "DEN"]
[BlackTeamCountry "DEN"]

1. e4 c5 2. b4 cxb4 3. Bb2 d5 4. exd5 Qxd5 5. d4 Nf6 6. Nf3 Bg4 7. Nbd2 e6 8.
Bc4 Qc6 9. Qe2 Nbd7 10. h3 Bh5 11. g4 Bg6 12. d5 Nxd5 13. Ne5 Nf4 14. Qf1 Ng2+
15. Kd1 Nxe5 16. Bb5 Bxc2+ 17. Kc1 Nd3+ 18. Qxd3 Bxd3+ 19. Bxc6+ bxc6 20. Be5
f6 21. Bg3 g5 22. Nb3 e5 23. Rd1 Be4 24. Nd2 Bd5 25. f3 Nf4 26. Bxf4 gxf4 27.
Ne4 Bxe4 28. fxe4 0-1

[Event "Baltic Sea Cup"]
[Site "Ronne"]
[Date "2007.08.03"]
[Round "6.36"]
[White "Olsen, Lars Moller"]
[Black "Maas, Thomas"]
[Result "0-1"]
[WhiteElo "1961"]
[BlackElo "2071"]
[PlyCount "122"]
[EventDate "2007.??.??"]
[EventType "swiss"]
[EventRounds "9"]
[EventCountry "DEN"]
[SourceDate "2005.12.01"]
[WhiteTeam "Denmark"]
[BlackTeam "Denmark"]
[WhiteTeamCountry "DEN"]
[BlackTeamCountry "DEN"]

1. d4 Nf6 2. c4 e6 3. g3 d5 4. Bg2 Be7 5. Nf3 O-O 6. O-O dxc4 7. Nc3 c5 8. dxc5
Bd7 9. Ne5 Nc6 10. Nxd7 Nxd7 11. Qa4 Nxc5 12. Qxc4 Rc8 13. Rd1 Qe8 14. Be3 Ne5
15. Qb5 Qxb5 16. Nxb5 a6 17. Nc3 b5 18. Rac1 Nc4 19. Bxc5 Rxc5 20. Ne4 Rd5 21.
Nc3 Rxd1+ 22. Nxd1 Rd8 23. Bb7 Rd6 24. b3 Na5 25. Bf3 Rd2 26. Nc3 b4 27. Na4
Rxa2 28. Rc8+ Bf8 29. Nb6 Rd2 30. Be4 Nxb3 31. Bxh7+ Kxh7 32. Rxf8 Kg6 33. Nc4
Rd1+ 34. Kg2 f6 35. Rb8 Rd4 36. Rxb4 Nd2 37. Ra4 Rxc4 38. Rxa6 e5 39. h4 Nb3
40. e3 Rc2 41. g4 Nd2 42. f4 Nc4+ 43. Kf3 Rc3 44. fxe5 Rxe3+ 45. Kf4 Rxe5 46.
g5 Rf5+ 47. Ke4 Nd2+ 48. Ke3 Nf3 49. gxf6 gxf6 50. Ra4 Kh5 51. Kf2 Nxh4+ 52.
Kg3 Rf3+ 53. Kh2 f5 54. Kg1 f4 55. Kh2 Kg4 56. Kh1 Rf1+ 57. Kh2 Nf3+ 58. Kg2
Rb1 59. Ra3 Rb2+ 60. Kf1 Kg3 61. Ra4 Rf2# 0-1

[Event "Baltic Sea Cup"]
[Site "Ronne"]
[Date "2007.08.03"]
[Round "6.37"]
[White "Ascenso, Luis Manuel Pereira"]
[Black "Hansen, Lars Henrik Bech"]
[Result "1/2-1/2"]
[WhiteElo "1950"]
[BlackElo "2070"]
[PlyCount "24"]
[EventDate "2007.??.??"]
[EventType "swiss"]
[EventRounds "9"]
[EventCountry "DEN"]
[SourceDate "2005.12.01"]
[WhiteTeam "Denmark"]
[BlackTeam "Denmark"]
[WhiteTeamCountry "DEN"]
[BlackTeamCountry "DEN"]

1. d4 g6 2. c4 Nf6 3. Nc3 Bg7 4. g3 O-O 5. Bg2 d6 6. Nf3 c6 7. O-O Qa5 8. Bd2
Qh5 9. e4 Bh3 10. Bxh3 Qxh3 11. Ng5 Qh5 12. Qxh5 Nxh5 1/2-1/2

[Event "Baltic Sea Cup"]
[Site "Ronne"]
[Date "2007.08.03"]
[Round "6.39"]
[White "Nilsen, Joachim Birger"]
[Black "Johansen, Johnny Holler"]
[Result "0-1"]
[WhiteElo "1958"]
[BlackElo "2058"]
[PlyCount "78"]
[EventDate "2007.??.??"]
[EventType "swiss"]
[EventRounds "9"]
[EventCountry "DEN"]
[SourceDate "2005.12.01"]
[WhiteTeam "Denmark"]
[BlackTeam "Denmark"]
[WhiteTeamCountry "DEN"]
[BlackTeamCountry "DEN"]

1. d4 Nf6 2. Bg5 d5 3. Bxf6 gxf6 4. g3 Bf5 5. Bg2 c6 6. e3 Nd7 7. Ne2 Bg7 8.
O-O O-O 9. c4 e6 10. Nbc3 Qe7 11. Rc1 a6 12. Qd2 b5 13. b3 bxc4 14. Na4 cxb3
15. axb3 Qd6 16. Nc5 Rfb8 17. b4 Nxc5 18. bxc5 Qd7 19. Nc3 Qb7 20. Na4 Qb4 21.
Qxb4 Rxb4 22. Nb6 Ra7 23. f4 a5 24. Ra1 a4 25. Nc8 Rc7 26. Nb6 Bd3 27. Rfd1 Bb5
28. e4 dxe4 29. f5 e3 30. Bh3 e2 31. fxe6 exd1=Q+ 32. Rxd1 f5 33. d5 cxd5 34.
Nxd5 Rd4 35. Kf2 Rxd1 36. Nxc7 Bd4+ 37. Kf3 Bc6+ 38. Kf4 fxe6 39. Nxe6 a3 0-1

[Event "Baltic Sea Cup"]
[Site "Ronne"]
[Date "2007.08.03"]
[Round "6.40"]
[White "Wilsbeck, Jan Borge"]
[Black "Hornsgaard, Jens Boe"]
[Result "1-0"]
[WhiteElo "1925"]
[BlackElo "2052"]
[PlyCount "73"]
[EventDate "2007.??.??"]
[EventType "swiss"]
[EventRounds "9"]
[EventCountry "DEN"]
[SourceDate "2005.12.01"]
[WhiteTeam "Denmark"]
[BlackTeam "Denmark"]
[WhiteTeamCountry "DEN"]
[BlackTeamCountry "DEN"]

1. e4 e5 2. f4 exf4 3. Nf3 g5 4. Bc4 Bg7 5. O-O d6 6. d4 Nc6 7. c3 h6 8. a4
Nge7 9. Qb3 O-O 10. a5 Ng6 11. a6 b6 12. Bd5 Nge7 13. Qc4 Bd7 14. Bxc6 Bxc6 15.
d5 Bd7 16. Na3 f5 17. e5 Ng6 18. e6 Be8 19. Nb5 g4 20. Nfd4 Be5 21. Ne2 f3 22.
gxf3 Bxh2+ 23. Kxh2 Qh4+ 24. Kg1 Bxb5 25. Qxb5 g3 26. Nxg3 Qxg3+ 27. Kh1 Qh3+
28. Kg1 Nh4 29. Kf2 Qxf3+ 30. Ke1 Qe4+ 31. Kd1 f4 32. Ra4 Qg6 33. Raxf4 Rxf4
34. Rxf4 Rf8 35. e7 Re8 36. Rxh4 c6 37. Qe2 1-0

[Event "Baltic Sea Cup"]
[Site "Ronne"]
[Date "2007.08.03"]
[Round "6.41"]
[White "Lardot, Derik"]
[Black "Zachariassen, John"]
[Result "1-0"]
[WhiteElo "2034"]
[BlackElo "1939"]
[PlyCount "71"]
[EventDate "2007.??.??"]
[EventType "swiss"]
[EventRounds "9"]
[EventCountry "DEN"]
[SourceDate "2005.12.01"]
[WhiteTeam "Denmark"]
[BlackTeam "Denmark"]
[WhiteTeamCountry "DEN"]
[BlackTeamCountry "DEN"]

1. e4 d6 2. d4 g6 3. Nc3 Bg7 4. h3 Nd7 5. Be3 c6 6. f4 e6 7. Nf3 Ne7 8. Be2 O-O
9. O-O d5 10. e5 b5 11. Bd3 Nb6 12. Ne2 a5 13. c3 a4 14. g4 Nc4 15. Bc1 a3 16.
b3 Nb2 17. Qc2 Nxd3 18. Qxd3 Ba6 19. b4 Bb7 20. Qc2 Nc8 21. Qb3 Nb6 22. Bxa3
Qe7 23. Bc1 Ra4 24. Qc2 Rfa8 25. Rf2 Nc4 26. Ng3 Bc8 27. Kh2 R4a6 28. f5 exf5
29. gxf5 gxf5 30. Nxf5 Bxf5 31. Qxf5 f6 32. Rg2 Kh8 33. Bf4 fxe5 34. Nxe5 Rf8
35. Qh5 Rxf4 36. Ng6+ 1-0

[Event "Baltic Sea Cup"]
[Site "Ronne"]
[Date "2007.08.03"]
[Round "6.42"]
[White "Pieri, Enzo"]
[Black "Schmitz, Manuela"]
[Result "0-1"]
[WhiteElo "1909"]
[BlackElo "2031"]
[PlyCount "48"]
[EventDate "2007.??.??"]
[EventType "swiss"]
[EventRounds "9"]
[EventCountry "DEN"]
[SourceDate "2005.12.01"]
[WhiteTeam "Denmark"]
[BlackTeam "Denmark"]
[WhiteTeamCountry "DEN"]
[BlackTeamCountry "DEN"]

1. e4 e6 2. d4 d5 3. e5 c5 4. c3 Nc6 5. Nf3 Bd7 6. b3 f6 7. Be2 fxe5 8. Nxe5
Nxe5 9. dxe5 Qc7 10. f4 O-O-O 11. Be3 g5 12. Nd2 Ne7 13. fxg5 Ng6 14. O-O Qxe5
15. Rf3 Bd6 16. Rh3 Rdf8 17. Qc2 Nf4 18. Bxf4 Qxf4 19. Nf3 e5 20. Rh4 Qe3+ 21.
Kh1 e4 22. Qd2 Rxf3 23. Qxd5 Qxe2 24. Rxe4 Rf1+ 0-1

[Event "Baltic Sea Cup"]
[Site "Ronne"]
[Date "2007.08.03"]
[Round "6.43"]
[White "Frisk, Hans"]
[Black "Grandadam, Patrick"]
[Result "1-0"]
[WhiteElo "2028"]
[BlackElo "1918"]
[PlyCount "49"]
[EventDate "2007.??.??"]
[EventType "swiss"]
[EventRounds "9"]
[EventCountry "DEN"]
[SourceDate "2005.12.01"]
[WhiteTeam "Denmark"]
[BlackTeam "Denmark"]
[WhiteTeamCountry "DEN"]
[BlackTeamCountry "DEN"]

1. Nc3 d5 2. e4 e6 3. Nf3 Nf6 4. e5 Nfd7 5. d4 c5 6. Be3 Nc6 7. dxc5 Ndxe5 8.
Nxe5 Nxe5 9. Qd4 Nc6 10. Bb5 f6 11. f4 Bd7 12. Bxc6 bxc6 13. O-O-O Qc7 14. Bf2
O-O-O 15. Rhe1 Re8 16. Bg3 e5 17. fxe5 fxe5 18. Bxe5 Bxc5 19. Qxc5 Rxe5 20. Nb5
cxb5 21. Qxc7+ Kxc7 22. Rxe5 Rf8 23. Rexd5 Bg4 24. Re1 a6 25. Rg5 1-0

[Event "Baltic Sea Cup"]
[Site "Ronne"]
[Date "2007.08.03"]
[Round "6.44"]
[White "Grandadam, Nicolas"]
[Black "Ochsner, Bjorn Moller"]
[Result "1-0"]
[WhiteElo "2022"]
[BlackElo "1841"]
[PlyCount "81"]
[EventDate "2007.??.??"]
[EventType "swiss"]
[EventRounds "9"]
[EventCountry "DEN"]
[SourceDate "2005.12.01"]
[WhiteTeam "Denmark"]
[BlackTeam "Denmark"]
[WhiteTeamCountry "DEN"]
[BlackTeamCountry "DEN"]

1. d4 Nf6 2. c4 g6 3. Nc3 Bg7 4. e4 d6 5. Nf3 O-O 6. Be2 e5 7. O-O Nc6 8. d5
Ne7 9. Ne1 Nd7 10. f3 f5 11. g4 f4 12. h4 Bf6 13. g5 Bg7 14. Kf2 h6 15. Nd3
hxg5 16. hxg5 Kf7 17. Rh1 Rh8 18. Bd2 Rh5 19. Rxh5 gxh5 20. Qh1 Kg6 21. Bxf4
Nb6 22. c5 Nc4 23. Bc1 dxc5 24. b3 Nd6 25. f4 Qh8 26. fxe5 h4 27. Bh5+ Kxh5 28.
Nf4+ Kxg5 29. Qg2+ Bg4 30. Nce2 Bxe5 31. Nd3+ Kh5 32. Nxe5 Rf8+ 33. Nf4+ Kh6
34. Nxg4+ Kh7 35. Rb1 Qd4+ 36. Ke1 Nxe4 37. Ne6 Qb4+ 38. Bd2 Rf1+ 39. Kxf1
Nxd2+ 40. Kg1 Nxb1 41. Nf6+ 1-0

[Event "Baltic Sea Cup"]
[Site "Ronne"]
[Date "2007.08.03"]
[Round "6.45"]
[White "Andersen, Daniel"]
[Black "Adolfssen, Rico"]
[Result "1/2-1/2"]
[WhiteElo "1997"]
[BlackElo "1752"]
[PlyCount "84"]
[EventDate "2007.??.??"]
[EventType "swiss"]
[EventRounds "9"]
[EventCountry "DEN"]
[SourceDate "2005.12.01"]
[WhiteTeam "Denmark"]
[BlackTeam "Denmark"]
[WhiteTeamCountry "DEN"]
[BlackTeamCountry "DEN"]

1. c4 e6 2. Nc3 Nf6 3. e4 d5 4. e5 Nfd7 5. d4 dxc4 6. Bxc4 Nc6 7. Qg4 Nb6 8.
Bb5 Bd7 9. Nf3 h6 10. O-O Nb4 11. Be2 N4d5 12. a4 Nxc3 13. bxc3 Bxa4 14. Rxa4
Nxa4 15. Bb5+ c6 16. Bxa4 Qa5 17. d5 Qxd5 18. Rd1 Qa5 19. Qc4 Rc8 20. Bb3 Be7
21. Bc2 Rd8 22. Re1 Rd7 23. Nd4 Qd5 24. Qxd5 Rxd5 25. Be4 Rc5 26. Bd2 O-O 27.
f4 Rd8 28. Rb1 Rd7 29. Kf1 Ra5 30. Rb2 Ra4 31. Bf3 Bc5 32. Nb3 Bb6 33. Be2 Ra3
34. Be1 a5 35. Nd2 Bc5 36. Nc4 Ra1 37. Nd6 Bxd6 38. exd6 a4 39. Rd2 a3 40. Bc4
Rb1 41. Ra2 Rxd6 42. Be2 Rb3 1/2-1/2

[Event "Baltic Sea Cup"]
[Site "Ronne"]
[Date "2007.08.03"]
[Round "6.46"]
[White "Noer, Martin Stampe"]
[Black "Borup, Mads"]
[Result "0-1"]
[WhiteElo "1766"]
[BlackElo "1996"]
[PlyCount "48"]
[EventDate "2007.??.??"]
[EventType "swiss"]
[EventRounds "9"]
[EventCountry "DEN"]
[SourceDate "2005.12.01"]
[WhiteTeam "Denmark"]
[BlackTeam "Denmark"]
[WhiteTeamCountry "DEN"]
[BlackTeamCountry "DEN"]

1. d4 Nf6 2. Bg5 e6 3. e3 c5 4. c3 Be7 5. Nd2 O-O 6. Bd3 b6 7. Ngf3 Ba6 8. Bxa6
Nxa6 9. O-O cxd4 10. cxd4 d5 11. Qa4 Qc8 12. Rac1 Qb7 13. Rc2 Rfc8 14. Rfc1 b5
15. Qb3 Nc7 16. Ne5 a6 17. Rc6 Nce8 18. Qc2 Nd6 19. b3 h6 20. Bh4 Kf8 21. h3
Rxc6 22. Qxc6 Rc8 23. Bxf6 gxf6 24. Nd7+ Kg7 0-1

[Event "Baltic Sea Cup"]
[Site "Ronne"]
[Date "2007.08.03"]
[Round "6.47"]
[White "Hansen, Ib Lynaes"]
[Black "Hafner, Christian"]
[Result "0-1"]
[WhiteElo "1926"]
[BlackElo "2159"]
[PlyCount "62"]
[EventDate "2007.??.??"]
[EventType "swiss"]
[EventRounds "9"]
[EventCountry "DEN"]
[SourceDate "2005.12.01"]
[WhiteTeam "Denmark"]
[BlackTeam "Denmark"]
[WhiteTeamCountry "DEN"]
[BlackTeamCountry "DEN"]

1. e4 c5 2. b3 Nc6 3. Bb2 d6 4. Bc4 Nf6 5. Nc3 a6 6. a4 e6 7. Nge2 d5 8. exd5
exd5 9. Bd3 Bd6 10. Ng3 O-O 11. O-O Nb4 12. Be2 d4 13. Na2 Nbd5 14. d3 Re8 15.
Bf3 Qc7 16. c3 Be5 17. Rc1 Qb6 18. cxd4 cxd4 19. Ba3 Nc3 20. Nxc3 dxc3 21. Ne4
Nxe4 22. Bxe4 Bd4 23. Bd5 Be6 24. Bc4 Rad8 25. Qc2 Bd5 26. Rce1 Re6 27. Rxe6
Qxe6 28. Bxd5 Rxd5 29. Bb4 Re5 30. Bxc3 Rc5 31. Re1 Qxe1+ 0-1

[Event "Baltic Sea Cup"]
[Site "Ronne"]
[Date "2007.08.03"]
[Round "6.48"]
[White "Kristiansen, Orla"]
[Black "Hindenes, Andreas Kvinge"]
[Result "1/2-1/2"]
[WhiteElo "1842"]
[BlackElo "1664"]
[PlyCount "42"]
[EventDate "2007.??.??"]
[EventType "swiss"]
[EventRounds "9"]
[EventCountry "DEN"]
[SourceDate "2005.12.01"]
[WhiteTeam "Denmark"]
[BlackTeam "Denmark"]
[WhiteTeamCountry "DEN"]
[BlackTeamCountry "DEN"]

1. c4 c5 2. Nc3 Nc6 3. Nf3 Nf6 4. g3 g6 5. Bg2 Bg7 6. O-O O-O 7. d4 cxd4 8.
Nxd4 Nxd4 9. Qxd4 d6 10. e4 Nd7 11. Qd2 a5 12. b3 Nc5 13. Bb2 Bd7 14. Rac1 Bc6
15. Rfe1 b6 16. Rcd1 Ra7 17. f4 Rd7 18. Qc2 Qc7 19. Re2 Qb7 20. a3 Qa7 21. Kh1
a4 1/2-1/2

[Event "Baltic Sea Cup"]
[Site "Ronne"]
[Date "2007.08.03"]
[Round "6.50"]
[White "Dinesen, Lasse Juel"]
[Black "Trarup, Jorgen"]
[Result "1/2-1/2"]
[WhiteElo "1522"]
[BlackElo "1863"]
[PlyCount "75"]
[EventDate "2007.??.??"]
[EventType "swiss"]
[EventRounds "9"]
[EventCountry "DEN"]
[SourceDate "2005.12.01"]
[WhiteTeam "Denmark"]
[BlackTeam "Denmark"]
[WhiteTeamCountry "DEN"]
[BlackTeamCountry "DEN"]

1. e4 c5 2. Nf3 Nc6 3. g3 e6 4. Bg2 e5 5. Nc3 d6 6. d3 Bg4 7. Be3 Nf6 8. Qd2
Rb8 9. Bg5 Bxf3 10. Bxf3 Nd4 11. Bg2 h6 12. Bxf6 Qxf6 13. O-O-O Qd8 14. Ne2 Be7
15. Nxd4 cxd4 16. h4 O-O 17. Kb1 b5 18. f4 b4 19. Bf3 a5 20. b3 Rc8 21. f5 f6
22. Qh2 a4 23. g4 axb3 24. cxb3 Kf7 25. Rd2 Rc7 26. Rc2 Rxc2 27. Qxc2 Qc8 28.
Qxc8 Rxc8 29. Rc1 Rxc1+ 30. Kxc1 Bd8 31. h5 Bb6 32. Kb2 Bc5 33. Kc2 Kf8 34. Kb2
Ke8 35. Kc2 Kd7 36. Kb2 Kc6 37. Kc2 Kb5 38. Kb2 1/2-1/2

[Event "Baltic Sea Cup"]
[Site "Ronne"]
[Date "2007.08.03"]
[Round "6.51"]
[White "Jacobsen, Mads Holger"]
[Black "Schiendorfer, Alexander"]
[Result "1/2-1/2"]
[WhiteElo "1480"]
[BlackElo "1811"]
[PlyCount "114"]
[EventDate "2007.??.??"]
[EventType "swiss"]
[EventRounds "9"]
[EventCountry "DEN"]
[SourceDate "2005.12.01"]
[WhiteTeam "Denmark"]
[BlackTeam "Denmark"]
[WhiteTeamCountry "DEN"]
[BlackTeamCountry "DEN"]

1. d4 d5 2. c4 e6 3. Nc3 Nf6 4. e3 Nbd7 5. Nf3 Bb4 6. Bd2 O-O 7. a3 Bxc3 8.
Bxc3 Ne4 9. Qc2 Nxc3 10. Qxc3 Re8 11. Be2 c6 12. c5 Qc7 13. O-O e5 14. b4 e4
15. Nd2 Nf6 16. a4 Ng4 17. Bxg4 Bxg4 18. f3 Bf5 19. fxe4 Bxe4 20. Nxe4 Rxe4 21.
Rf3 Rae8 22. g3 Qe7 23. Kf2 Qg5 24. h4 Qe7 25. Re1 Qd7 26. Kg2 f5 27. Qd3 Qe6
28. b5 Qg6 29. bxc6 bxc6 30. Qa6 Rxh4 31. Ref1 Rg4 32. Qxa7 h5 33. Qc7 h4 34.
Qd6 Rxg3+ 35. Rxg3 Qxg3+ 36. Qxg3 hxg3 37. Rxf5 Rxe3 38. Rf3 Re2+ 39. Kxg3 Ra2
40. Rb3 Rxa4 41. Rb6 Rxd4 42. Rxc6 Rc4 43. Kf3 Kf7 44. Rc7+ Kf6 45. c6 g5 46.
Rd7 Ke6 47. Rg7 g4+ 48. Rxg4 Rxg4 49. Kxg4 Kd6 50. c7 Kxc7 51. Kf4 Kb6 52. Ke3
Kc5 53. Kd3 d4 54. Kd2 Kd5 55. Kd3 Ke5 56. Kd2 Ke4 57. Ke2 Kd5 1/2-1/2

[Event "Baltic Sea Cup"]
[Site "Ronne"]
[Date "2007.08.03"]
[Round "6.52"]
[White "Hansen, Anders"]
[Black "Valle, Lorenzo"]
[Result "1-0"]
[WhiteElo "1795"]
[BlackElo "1541"]
[PlyCount "119"]
[EventDate "2007.??.??"]
[EventType "swiss"]
[EventRounds "9"]
[EventCountry "DEN"]
[SourceDate "2005.12.01"]
[WhiteTeam "Denmark"]
[BlackTeam "Denmark"]
[WhiteTeamCountry "DEN"]
[BlackTeamCountry "DEN"]

1. d4 Nf6 2. c4 e5 3. d5 Bb4+ 4. Nc3 O-O 5. e3 d6 6. Qc2 Bd7 7. Nf3 Qe8 8. Bd2
Na6 9. a3 Bxc3 10. Bxc3 Nc5 11. Rb1 Nce4 12. Rc1 h6 13. Nd2 Nxc3 14. Qxc3 Bf5
15. Be2 e4 16. h3 Qe7 17. O-O Rfe8 18. Rfd1 Nd7 19. b4 Ne5 20. Nf1 Qh4 21. Nh2
Bxh3 22. gxh3 Qxh3 23. Kh1 Nf3 24. Bxf3 exf3 25. Rg1 Re5 26. e4 g6 27. Qxf3
Qxf3+ 28. Nxf3 Rxe4 29. Rge1 Rf4 30. Kg2 Kf8 31. Kg3 g5 32. Rh1 Kg7 33. Rhe1
Kf6 34. c5 a5 35. b5 dxc5 36. Rxc5 Rd8 37. Rxc7 Rxd5 38. Rxb7 Ra4 39. Re3 h5
40. Ne1 Rd2 41. Rf3+ Ke6 42. Rbxf7 Rxa3 43. Rxa3 Kxf7 44. Rxa5 Rb2 45. Ng2 Rb3+
46. Ne3 Ke7 47. b6 Kf6 48. Ra7 Ke5 49. Ra5+ Kf6 50. Kg2 h4 51. Ra7 Ke6 52. b7
Kd6 53. Nc4+ Kc7 54. Na5 h3+ 55. Kh2 Rb2 56. Kxh3 Rxf2 57. Kg4 Rg2+ 58. Kf3 Rb2
59. Ra8 Rb1 60. Rc8+ 1-0

[Event "Baltic Sea Cup"]
[Site "Ronne"]
[Date "2007.08.03"]
[Round "6.53"]
[White "Kraft, Rene"]
[Black "Ehlers, Kjeld"]
[Result "1-0"]
[WhiteElo "1678"]
[BlackElo "1449"]
[PlyCount "82"]
[EventDate "2007.??.??"]
[EventType "swiss"]
[EventRounds "9"]
[EventCountry "DEN"]
[SourceDate "2005.12.01"]
[WhiteTeam "Denmark"]
[BlackTeam "Denmark"]
[WhiteTeamCountry "DEN"]
[BlackTeamCountry "DEN"]

1. c4 e5 2. Nc3 Nf6 3. b3 g6 4. Bb2 Bg7 5. Rc1 O-O 6. e3 Nc6 7. Be2 d5 8. cxd5
Nxd5 9. Bc4 Nf6 10. h3 Qe7 11. Nge2 Rd8 12. O-O Bf5 13. Ng3 Bd3 14. Bxd3 Rxd3
15. Nce4 Nxe4 16. Nxe4 Rad8 17. Bc3 f5 18. Ng3 R8d7 19. b4 a6 20. a4 Kh8 21. b5
axb5 22. axb5 Nd8 23. Qa4 Ne6 24. Bb4 Qd8 25. Rc2 Bf8 26. Bxf8 Qxf8 27. Rd1 Kg7
28. Nf1 Qd6 29. Rdc1 g5 30. Rd1 Kg6 31. Ng3 h5 32. e4 Nd4 33. exf5+ Nxf5 34.
Qe4 Qf6 35. Nf1 Kh6 36. Qxb7 Nd4 37. Rxc7 Ne2+ 38. Kh1 Qxf2 39. Ne3 Rxd2 40.
Rxd7 Rxd1+ 41. Rxd1 Qf6 1-0

[Event "Baltic Sea Cup"]
[Site "Ronne"]
[Date "2007.08.03"]
[Round "6.54"]
[White "Hein, Jacob"]
[Black "Olsen, Karsten Kierkegaard"]
[Result "0-1"]
[WhiteElo "1329"]
[BlackElo "1598"]
[PlyCount "54"]
[EventDate "2007.??.??"]
[EventType "swiss"]
[EventRounds "9"]
[EventCountry "DEN"]
[SourceDate "2005.12.01"]
[WhiteTeam "Denmark"]
[BlackTeam "Denmark"]
[WhiteTeamCountry "DEN"]
[BlackTeamCountry "DEN"]

1. e4 c6 2. Nf3 d5 3. exd5 cxd5 4. c3 Nc6 5. h3 Qc7 6. Na3 a6 7. g3 e5 8. Bg2
e4 9. Nh2 Ne5 10. d4 Nd3+ 11. Kf1 Nxc1 12. Rxc1 Bxa3 13. bxa3 b5 14. a4 Bd7 15.
Qe2 bxa4 16. Bxe4 Ne7 17. Bxd5 Bc6 18. Bxf7+ Kxf7 19. Qc4+ Kf8 20. Qc5 Bb5+ 21.
c4 Qxc5 22. dxc5 Bc6 23. Rg1 Kf7 24. Ng4 Ng6 25. Ne3 Rab8 26. Rc2 Ne5 27. Nf5
Nf3 0-1

[Event "Baltic Sea Cup"]
[Site "Ronne"]
[Date "2007.08.03"]
[Round "6.55"]
[White "Kallenbach, Uffe"]
[Black "Holm, Kristian Stuvik"]
[Result "0-1"]
[WhiteElo "1596"]
[BlackElo "1000"]
[PlyCount "32"]
[EventDate "2007.??.??"]
[EventType "swiss"]
[EventRounds "9"]
[EventCountry "DEN"]
[SourceDate "2005.12.01"]
[WhiteTeam "Denmark"]
[BlackTeam "Denmark"]
[WhiteTeamCountry "DEN"]
[BlackTeamCountry "DEN"]

1. d4 Nf6 2. c4 e5 3. dxe5 Ng4 4. Qd4 d6 5. exd6 Bxd6 6. Qxg7 Be5 7. Qg5 Qxg5
8. Bxg5 Bxb2 9. Nd2 Bxa1 10. e3 Nc6 11. Bd3 Bf6 12. Bf4 Nge5 13. Be4 Be6 14.
Ne2 O-O-O 15. Bxc6 bxc6 16. Ne4 Nd3+ 0-1